000 00445 a2200169 4500
001 157369
020 _a978-85-359-2706-1
040 _cEscola São Tomás de Aquino
100 _aBATALHA, Martha
240 1 0 _aA vida invisível de Eurídice Gusmão
_lpor
245 1 0 _aA vida invisível de Eurídice Gusmão
300 _a188
362 0 _a2016
440 1 _aCompanhia das Letras
697 _aRomance / Ficção portuguesa
942 _cBK
999 _c157369
_d157369